| 000 | 00303nam a22000977a 4500 | ||
|---|---|---|---|
| 008 | 230328b |||||||| |||| 00| 0 eng d | ||
| 040 |
_aNational Science Library _cNational Science Library |
||
| 245 | _aNagpur Agriculture College Magazine | ||
| 260 |
_aNagpur: _bCollege of Agriculture, _c1962 |
||
| 942 | _cCR | ||
| 999 |
_c15699 _d15699 |
||